000 00508nam a2200181Ia 4500
008 240925s9999 xx 000 0 und d
020 _a9788120334281
082 _a004.36 PRA
100 _aPrabhu, C.S. R.
245 0 _aGrid and Cluster Computing
250 _aNA
260 _aNew Delhi:
_bPearson Printice Hall
_c,2008.
300 _axxxiii,1065p.
_bN.A
_fOriginal
500 _aIncludes Index
600 _aComputer Science
650 _aComputer science, information & general works
942 _cBK
999 _c10491
_d10491